书目信息 |
| 题名: |
RENZO PIANO BUILDING WORKSHOP
|
|
| 作者: | Regent's Wlarf | |
| 分册: | ||
| 出版信息: | New York Phaidon Press Inc 2008.02 |
|
| 页数: | 280页 | |
| 开本: | 20cm | |
| 丛书名: | ||
| 单 册: | ||
| 中图分类: | TU247.4 | |
| 科图分类: | ||
| 主题词: | 民用建筑--建筑设计 | |
| 电子资源: | ||
| ISBN: | 978-0-7148-4472-5 | |
| 000 | 00651nam0 2200229 45 | |
| 001 | 1242644907 | |
| 005 | 20120212171147.89 | |
| 010 | @a978-0-7148-4472-5@dCNY398.00 | |
| 092 | @aCN@bRCJZ | |
| 100 | @a20111107d2008 ekmy0 y0120 ea | |
| 102 | @aCN@b130000 | |
| 105 | @ay z 000yy | |
| 200 | 1 | @aRENZO PIANO BUILDING WORKSHOP@e皮亚诺@fRegent's Wlarf |
| 210 | @aNew York@cPhaidon Press Inc@d2008.02 | |
| 215 | @a280页@d20cm | |
| 517 | 1 | @a皮亚诺@Api ya nuo |
| 606 | 0 | @a民用建筑@x建筑设计 |
| 690 | @aTU247.4@v4 | |
| 701 | 0 | @aRegent's Wlarf |
| 801 | 0 | @aCN@b安徽儒林@c20111107 |
| 905 | @a10447@dTU247.4@eR929 | |
| 906 | @cRCJZ@dCNY200.00@n2@r1 | |
| RENZO PIANO BUILDING WORKSHOP:皮亚诺/Regent's Wlarf.-New York:Phaidon Press Inc,2008.02 |
| 280页;20cm |
| ISBN 978-0-7148-4472-5:CNY398.00 |
| ● |
| 相关链接 |
|
|
|
正题名:RENZO PIANO BUILDING WORKSHOP
索取号:TU247.4/R929
 
预约/预借
| 序号 | 登录号 | 条形码 | 馆藏地/架位号 | 状态 | 备注 |
| 1 | 483548 | 204835483 | 建筑库101/101建筑库 70排4列1层/ [索取号:TU247.4/R929] | 在馆 |